|
|
|
|
| LEADER |
00000nam1a2200000 4500 |
| 001 |
83843 |
| 005 |
20241025063146.0 |
| 020 |
|
|
|a RU
|b 84-54754
|
| 035 |
|
|
|a (RuTPU)RU\TPU\book\90143
|
| 090 |
|
|
|a 83843
|
| 100 |
|
|
|a 20051022d1984 m y0rusy5003 ca
|
| 101 |
0 |
|
|a rus
|
| 200 |
1 |
|
|a Дуэль
|e Повести
|f А. П. Чехов
|g худож. И. Мамонтов
|
| 210 |
|
|
|a Барнаул
|c Алт. кн. изд-во
|d 1984
|
| 215 |
|
|
|a 585 с.
|c 4 л. цв. ил.
|d 17 см
|
| 606 |
|
|
|a Русская литература, дореволюционная
|2 stltpush
|3 (RuTPU)RU\TPU\subj\26371
|9 50314
|
| 675 |
|
|
|a Р1
|z rus
|
| 700 |
|
1 |
|a Чехов
|b А. П.
|c русский писатель
|f 1860-1904
|g Антон Павлович
|7 ca
|8 rus
|2 stltpush
|3 (RuTPU)RU\TPU\pers\1035
|9 458
|
| 702 |
|
1 |
|a Мамонтов
|b И.
|4 440
|
| 801 |
|
0 |
|a RU
|b RuMRKP
|c 19950704
|g psbo
|
| 801 |
|
1 |
|a RU
|b 63413507
|c 20051022
|g PSBO
|
| 801 |
|
2 |
|a RU
|b 63413507
|c 20130610
|g PSBO
|
| 942 |
|
|
|c BK
|